| 000 | 00963nam a2200241Ia 4500 | ||
|---|---|---|---|
| 999 |
_c3364 _d3364 |
||
| 003 | OSt | ||
| 005 | 20200330123550.0 | ||
| 008 | 191128t2012 ck a br 000 1 spa d | ||
| 020 | _a9789581414093 | ||
| 040 |
_aCO-JMCR _cCO-JMCR |
||
| 041 | _aspa | ||
| 082 | 0 | 4 |
_aA / _bKLIc |
| 100 |
_aKlinting, Lars, _eautor _92035 |
||
| 245 | 0 |
_aCastor sastre / _cLars Klinting |
|
| 260 |
_aBogotá : _bPlaza y Janes : Zendrera Zriquiey, _c©2012 |
||
| 300 |
_a[33] páginas sin numerar : _b ilustraciones a color ; _c22 cm. |
||
| 500 | _aRecomendado para niños mayores de 4 años. | ||
| 520 | _aCastor sastre está muy atareado. Hoy se está haciendo un delantal nuevo. Tras tomarse las medidas, dibuja un patrón. Utiliza aguja e hilo para hilvanar los bolsillos y los dobladillos, y unas tijeras para cortar las cintas. | ||
| 546 | _aspa | ||
| 650 | 1 | 4 |
_aCastores en la literatura _92037 _xalbum |
| 650 | 1 | 4 |
_aAnimales en la literatura _9633 _xalbum |
| 942 |
_2ddc _cBK |
||